Logo CIB grande

FIXED BROADBAND WIRELESS COMMUNICATIONS: PRINCIPLES AND PRACTICAL APPLICATIONS (Registro nro. 229299)

Detalles MARC
000 -LEADER
campo de control de longitud fija 00603nam a2200217Ia 4500
005 - FECHA Y HORA DE LA ÚLTIMA TRANSACCIÓN
campo de control 20250425162435.0
008 - DATOS DE LONGITUD FIJA--INFORMACIÓN GENERAL
campo de control de longitud fija 250425s9999 xx 000 0 und d
020 ## - NÚMERO INTERNACIONAL ESTÁNDAR DEL LIBRO
Número Internacional Estándar del Libro 013009367X
041 ## - CÓDIGO DE IDIOMA
Código de lengua del texto/banda sonora o título independiente eng
082 ## - NÚMERO DE LA CLASIFICACIÓN DECIMAL DEWEY
Número de clasificación 621.382
010 ## - NÚMERO DE CONTROL DE LA BIBLIOTECA DEL CONGRESO
Número de control de LC 74239
100 ## - ENTRADA PRINCIPAL--NOMBRE DE PERSONA
Nombre de persona MORAIS, DOUGLAS H.
245 #0 - MENCIÓN DEL TÍTULO
Título FIXED BROADBAND WIRELESS COMMUNICATIONS: PRINCIPLES AND PRACTICAL APPLICATIONS
250 ## - MENCION DE EDICION
Mención de edición S.E.
260 ## - PUBLICACIÓN, DISTRIBUCIÓN, ETC.
Lugar de publicación, distribución, etc. Estados Unidos
Nombre del editor, distribuidor, etc. PRENTICE HALL
Fecha de publicación, distribución, etc. 2004
260 ## - PUBLICACIÓN, DISTRIBUCIÓN, ETC.
Lugar de publicación, distribución, etc. UPPER SADDLE RIVER
300 ## - DESCRIPCIÓN FÍSICA
Extensión 359
650 ## - PUNTO DE ACCESO ADICIONAL DE MATERIA--TÉRMINO DE MATERIA
Término de materia o nombre geográfico como elemento de entrada SISTEMAS DE COMUNICACION DE BANDA ANCHA
650 ## - PUNTO DE ACCESO ADICIONAL DE MATERIA--TÉRMINO DE MATERIA
Término de materia o nombre geográfico como elemento de entrada SISTEMAS INALAMBRICOS
942 ## - ELEMENTOS DE ENTRADA SECUNDARIOS (KOHA)
Tipo de ítem Koha Libros
Existencias
Estatus retirado Estado de pérdida Estado de daño No para préstamo Biblioteca de origen Biblioteca actual Fecha de adquisición Coste, precio normal de compra Total de préstamos Código de barras Copia número Tipo de ítem Koha
        CENTRO DE INFORMACIÓN BIBLIOTECARIA CENTRO DE INFORMACIÓN BIBLIOTECARIA 25/06/2010 100.00   54501 1 Libros

Copyright 2025 ESPOL. Todos los derechos reservados.